{"text_format":"1","workbook":"xlsx","n_sheets":3,"sheets":["Formato","Instructivo de Diligenciamiento","Listas"],"not_rendered":{"charts":0,"images":3,"macros":1,"external_links":0,"defined_names":3,"comments":1,"pivot_tables":0},"unopened":[],"bounds":{"document_bytes":16777216,"sheet_cells":100000,"rows_first":2000,"rows_last":500,"rows_between":2000,"halvings":0,"cell_chars":16384,"cell_head_chars":4096},"cells_cut":0,"cells_raw":0,"read":"whole","date_system":"1900"}

{"sheet":"Formato","index":0,"n_rows":113,"n_cols":17,"rows_kept":113,"cut":false,"hidden":false,"merged":[[111,10,112,14],[111,1,111,3],[111,6,111,8],[112,1,112,3],[112,4,112,5],[112,6,112,8],[85,2,85,3],[85,8,85,9],[85,10,85,11],[86,2,86,3],[86,8,86,9],[86,10,86,11],[87,2,87,3],[87,8,87,9],[87,10,87,11],[88,2,88,3],[88,8,88,9],[88,10,88,11],[89,2,89,3],[89,8,89,9],[89,10,89,11],[106,1,106,3],[106,11,108,13],[109,11,109,13],[109,1,109,3],[109,6,109,8],[99,0,99,17],[103,1,103,4],[103,5,103,7],[103,8,103,11],[104,1,104,4],[104,5,104,7],[104,8,104,11],[101,1,101,4],[101,5,101,7],[101,8,101,11],[102,1,102,4],[102,5,102,7],[102,8,102,11],[39,16,39,17],[96,6,96,7],[96,8,96,9],[39,10,39,11],[39,2,39,3],[39,8,39,9],[40,2,40,3],[40,8,40,9],[40,10,40,11],[40,16,40,17],[41,2,41,3],[41,8,41,9],[41,10,41,11],[41,16,41,17],[42,2,42,3],[42,8,42,9],[85,16,85,17],[86,16,86,17],[87,16,87,17],[88,16,88,17],[89,16,89,17],[44,2,44,3],[44,8,44,9],[44,10,44,11],[38,2,38,3],[38,16,38,17],[38,10,38,11],[37,10,37,17],[31,6,31,8],[31,11,31,13],[37,1,37,9],[31,1,31,2],[31,4,31,5],[31,9,31,10],[35,0,35,17],[37,0,38,0],[38,8,38,9],[27,6,27,8],[27,9,27,10],[27,11,27,13],[15,3,15,7],[27,4,27,5],[29,9,29,10],[21,1,21,13],[7,3,7,9],[9,1,9,2],[9,3,9,7],[7,12,7,13],[23,1,23,2],[23,4,23,8],[19,1,19,13],[29,1,29,2],[29,11,29,13],[17,1,17,13],[29,4,29,8],[15,1,15,2],[13,1,13,13],[27,1,27,2],[1,1,1,13],[7,1,7,2],[11,1,11,2],[23,9,23,13],[25,1,25,2],[25,4,25,5],[25,6,25,8],[25,9,25,10],[25,11,25,13],[11,3,11,9],[9,10,9,11],[9,12,9,13],[2,1,2,13],[4,1,5,3],[4,10,5,11],[4,7,5,9],[4,4,5,5],[44,16,44,17],[45,2,45,3],[45,8,45,9],[45,10,45,11],[45,16,45,17],[42,10,42,11],[42,16,42,17],[43,2,43,3],[43,8,43,9],[43,10,43,11],[43,16,43,17],[48,2,48,3],[48,8,48,9],[48,10,48,11],[48,16,48,17],[49,2,49,3],[49,8,49,9],[49,10,49,11],[49,16,49,17],[46,2,46,3],[46,8,46,9],[46,10,46,11],[46,16,46,17],[47,2,47,3],[47,8,47,9],[47,10,47,11],[47,16,47,17],[52,2,52,3],[52,8,52,9],[52,10,52,11],[52,16,52,17],[53,2,53,3],[53,8,53,9],[53,10,53,11],[53,16,53,17],[50,2,50,3],[50,8,50,9],[50,10,50,11],[50,16,50,17],[51,2,51,3],[51,8,51,9],[51,10,51,11],[51,16,51,17],[56,2,56,3],[56,8,56,9],[56,10,56,11],[56,16,56,17],[57,2,57,3],[57,8,57,9],[57,10,57,11],[57,16,57,17],[54,2,54,3],[54,8,54,9],[54,10,54,11],[54,16,54,17],[55,2,55,3],[55,8,55,9],[55,10,55,11],[55,16,55,17],[60,2,60,3],[60,8,60,9],[60,10,60,11],[60,16,60,17],[61,2,61,3],[61,8,61,9],[61,10,61,11],[61,16,61,17],[58,2,58,3],[58,8,58,9],[58,10,58,11],[58,16,58,17],[59,2,59,3],[59,8,59,9],[59,10,59,11],[59,16,59,17],[64,2,64,3],[64,8,64,9],[64,10,64,11],[64,16,64,17],[65,2,65,3],[65,8,65,9],[65,10,65,11],[65,16,65,17],[62,2,62,3],[62,8,62,9],[62,10,62,11],[62,16,62,17],[63,2,63,3],[63,8,63,9],[63,10,63,11],[63,16,63,17],[68,2,68,3],[68,8,68,9],[68,10,68,11],[68,16,68,17],[69,2,69,3],[69,8,69,9],[69,10,69,11],[69,16,69,17],[66,2,66,3],[66,8,66,9],[66,10,66,11],[66,16,66,17],[67,2,67,3],[67,8,67,9],[67,10,67,11],[67,16,67,17],[72,2,72,3],[72,8,72,9],[72,10,72,11],[72,16,72,17],[73,2,73,3],[73,8,73,9],[73,10,73,11],[73,16,73,17],[70,2,70,3],[70,8,70,9],[70,10,70,11],[70,16,70,17],[71,2,71,3],[71,8,71,9],[71,10,71,11],[71,16,71,17],[76,2,76,3],[76,8,76,9],[76,10,76,11],[76,16,76,17],[77,2,77,3],[77,8,77,9],[77,10,77,11],[77,16,77,17],[74,2,74,3],[74,8,74,9],[74,10,74,11],[74,16,74,17],[75,2,75,3],[75,8,75,9],[75,10,75,11],[75,16,75,17],[80,2,80,3],[80,8,80,9],[80,10,80,11],[80,16,80,17],[81,2,81,3],[81,8,81,9],[81,10,81,11],[81,16,81,17],[78,2,78,3],[78,8,78,9],[78,10,78,11],[78,16,78,17],[79,2,79,3],[79,8,79,9],[79,10,79,11],[79,16,79,17],[84,2,84,3],[84,8,84,9],[84,10,84,11],[84,16,84,17],[82,2,82,3],[82,8,82,9],[82,10,82,11],[82,16,82,17],[83,2,83,3],[83,8,83,9],[83,10,83,11],[83,16,83,17],[93,2,93,3],[93,8,93,9],[93,10,93,11],[93,16,93,17],[94,2,94,3],[94,8,94,9],[94,10,94,11],[94,16,94,17],[90,2,90,3],[90,8,90,9],[90,10,90,11],[90,16,90,17],[91,2,91,3],[91,8,91,9],[91,10,91,11],[91,16,91,17],[92,2,92,3],[92,8,92,9],[92,10,92,11],[92,16,92,17]]}
[]
[null,"FORMATO PARA MODIFICACIÓN DE ÓRDENES DE COMPRA"]
[null,"Tienda Virtual del Estado Colombiano"]
[]
[null,"Número de Orden de Compra a modificar:",null,null,14948,null,null,"Número de modificación de la Orden de Compra:",null,null,2]
[]
[]
[null,"Entidad Compradora:",null,"CENTRO DE REHABILITACION ONCLUSIVA",null,null,null,null,null,null,null,"NIT:","900894833-9"]
[]
[null,"Nombre del solicitante:",null,"LILIAM MARCELA JIMENEZ GUTIERREZ",null,null,null,null,null,null,"Teléfono de contacto:",null,7466909]
[]
[null,"Proveedor :",null,"COLOMBIANA DE COMERCIO S.A Y/O ALKOSTO S.A."]
[]
[null,"Sección 1: Tipo de acción"]
[]
[null,"Tipo",null,"Modificación de la Orden de Compra"]
[]
[null,"Sección 2: Justificación de la modificación o de las acciones a realizar"]
[]
[null,"Se requiere  modificacion del deatalle   de la orden de compra numero  14948, debido a  que se requiere   realizar cambios en   la unidad de medida   descripcion  cantidad y valor  de algunos productos  "]
[]
[null,"Sección 3:  Modificación información general"]
[]
[null,"Nombre del campo",null,"¿Requiere modificación Si/No?","Datos actuales",null,null,null,null,"Nuevos datos"]
[]
[null,"Actualizar supervisor",null,"NO","Nombre del supervisor actual",null,0,null,null,"Nombre nuevo supervisor"]
[]
[null,"Dirección y/o teléfono Supervisor",null,"NO","Teléfono actual supervisor",null,0,null,null,"Teléfono nuevo supervisor"]
[]
[null,"Fecha de vencimiento",null,"NO","   La fecha vencimiento actual se tomará de la TVEC al momento del cambio",null,null,null,null,"Nueva fecha de vencimiento"]
[]
[null,"Dirección y/o teléfono Entidad",null,"NO","Dirección / teléfono actual Entidad",null,0,null,null,"Nueva dirección / teléfono Entidad"]
[]
[]
[]
["Sección 4: Modificación de artículos y servicios"]
[]
["Tipo de modificación","Información actual",null,null,null,null,null,null,null,null,"Nueva información"]
[null,"Número de la línea según O.C.","Nombre del artículo",null,"Cantidad","Unidad de medida","Precio unitario","Total","Información presupuestal",null,"Nombre del artículo",null,"Cantidad","Unidad de medida","Precio unitario","Total","Información presupuestal"]
["Modificación de artículo o servicio",1,"Aceite Girasoli 5L",null,4,"Unidad",42700,{"$f":"ROUND(E40*G40, 2)","v":170800},241,null,{"$f":"C40","v":"Aceite Girasoli 5L"},null,2,"Unidad",46700,{"$f":"ROUND(M40*O40, 2)","v":93400},241]
["Modificación de artículo o servicio",5,"Aguacate 500 g",null,14,"Unidad",5850,81900,241,null,{"$f":"C41","v":"Aguacate 500 g"},null,15.9,"Unidad",2925,{"$f":"ROUND(M41*O41, 2)","v":46507.5},241]
["Eliminar artículo o servicio",3,"Aceituna Carbonell Negra 415g",null,2,"Unidad",8200,16400,241,null,"No aplica",null,"No aplica","No aplica","No aplica",0,"No aplica"]
["Modificación de artículo o servicio",10,"Apio Tallo 400g",null,5,"Unidad",2900,14500,241,null,{"$f":"C43","v":"Apio Tallo 400g"},null,11.81,"Unidad",1375,{"$f":"ROUND(M43*O43, 2)","v":16238.75},241]
["Modificación de artículo o servicio",12,"Arracacha 500 g",null,4,"Unidad",7200,28800,241,null,"Arracacha 500 g",null,3.96,"Unidad",3250,12870,241]
["Eliminar artículo o servicio",20,"Berenjena 500 g",null,1,"Unidad",2450,{"$f":"ROUND(E45*G45, 2)","v":2450},241,null,"No aplica",null,"No aplica","No aplica","No aplica",0,"No aplica"]
["Modificación de artículo o servicio",24,"Mondongo Importad Bja 500 g",null,7,"Unidad",11300,79100,241,null,{"$f":"C46","v":"Mondongo Importad Bja 500 g"},null,13.44,"Unidad",5650,75936,241]
["Modificación de artículo o servicio",26,"Camaron Tigre Alkosto 500 g",null,18,"Unidad",28750,517500,241,null,{"$f":"C47","v":"Camaron Tigre Alkosto 500 g"},null,17,"Unidad",28750,488750,241]
["Modificación de artículo o servicio",28,"Canela El Rey Extralarga 30g",null,5,"Unidad",3300,16500,241,null,"Canela El Rey Extralarga 30g",null,6,"Unidad",3300,19800,241]
["Eliminar artículo o servicio",29,"Molida de Ternera Bja 500 g",null,9,"Unidad",12600,{"$f":"ROUND(E49*G49, 2)","v":113400},241,null,"No aplica",null,"No aplica","No aplica","No aplica",0,"No aplica"]
["Modificación de artículo o servicio",30,"Cebolla Larga 500 g",null,18,"Unidad",5100,91800,241,null,{"$f":"C50","v":"Cebolla Larga 500 g"},null,19,"Unidad",3800,72200,241]
["Modificación de artículo o servicio",31,"Cebolla Cabezona S/Pelar 500g",null,16,"Unidad",3500,56000,241,null,"Cebolla Cabezona S/Pelar 500g",null,6.15,"Unidad",1750,10762.5,241]
["Modificación de artículo o servicio",32,"Cebolla Cabezona Roja 500 g",null,2,"Unidad",4100,{"$f":"ROUND(E52*G52, 2)","v":8200},241,null,{"$f":"C52","v":"Cebolla Cabezona Roja 500 g"},null,2.68,"Unidad",2050,{"$f":"ROUND(M52*O52, 2)","v":5494},241]
["Modificación de artículo o servicio",33,"Cebolla Puerro 500 g",null,3,"Unidad",3500,10500,241,null,"Cebolla Puerro 500 g",null,2.76,"Unidad",1750,4830,241]
["Eliminar artículo o servicio",37,"Champinon Porto Taj Vit D 350g",null,6,"Unidad",7950,{"$f":"ROUND(E54*G54, 2)","v":47700},241,null,"No aplica",null,"No aplica","No aplica","No aplica",0,"No aplica"]
["Modificación de artículo o servicio",38,"Tocino Barriguero 500 g",null,8,"Unidad",13900,111200,241,null,{"$f":"C55","v":"Tocino Barriguero 500 g"},null,5.96,"Unidad",6950,41422,241]
["Modificación de artículo o servicio",40,"Ciruela Import 500 g",null,2,"Unidad",7900,15800,241,null,{"$f":"C56","v":"Ciruela Import 500 g"},null,2.5,"Unidad",3950,9875,241]
["Eliminar artículo o servicio",41,"Clavo Pepa El Rey 80g",null,3,"Unidad",9700,{"$f":"ROUND(E57*G57, 2)","v":29100},241,null,"No aplica",null,"No aplica","No aplica","No aplica",0,"No aplica"]
["Modificación de artículo o servicio",42,"Piernitas Bja 500 g",null,5,"Unidad",10600,53000,241,null,{"$f":"C58","v":"Piernitas Bja 500 g"},null,10.119999999999999,"Unidad",5300,53636,241]
["Modificación de artículo o servicio",44,"Costilla de cerdo 500g",null,16,"Unidad",15600,249600,241,null,"Costilla de cerdo 500g",null,29.6,"Unidad",7800,230880,241]
["Modificación de artículo o servicio",47,"Esencia Vainilla coruna 500ml",null,1,"Unidad",4100,4100,241,null,"Esencia Vainilla coruna 500ml",null,1,"Unidad",12550,12550,241]
["Eliminar artículo o servicio",48,"Esparragos Frescos 500 g",null,3,"Unidad",14000,{"$f":"ROUND(E61*G61, 2)","v":42000},241,null,"No aplica",null,"No aplica","No aplica","No aplica",0,"No aplica"]
["Modificación de artículo o servicio",49,"Espinaca 500 g",null,12,"Unidad",4150,49800,241,null,{"$f":"C62","v":"Espinaca 500 g"},null,18.149999999999999,"Unidad",2075,37661.25,241]
["Modificación de artículo o servicio",51,"Feijoa 500 g",null,3,"Unidad",7800,23400,241,null,"Feijoa 500 g",null,2.71,"Unidad",3900,10569,241]
["Modificación de artículo o servicio",52,"Filete Robalo Colomb Alkost 500g",null,10,"Unidad",55200,552000,241,null,"Filete Robalo Colomb Alkost 500g",null,19,"Unidad",29100,552900,241]
["Modificación de artículo o servicio",53,"Fresa 500 g",null,18,"Unidad",5200,93600,241,null,"Fresa 500 g",null,9,"Unidad",5200,46800,241]
["Modificación de artículo o servicio",58,"Gelatina GelHada SinSab 30g x3",null,4,"Unidad",6100,24400,241,null,"Gelatina GelHada SinSab 30g x3",null,3,"Unidad",6100,18300,241]
["Modificación de artículo o servicio",59,"Guanabana 500 g",null,5,"Unidad",3300,16500,241,null,"Guanabana 500 g",null,4.66,"Unidad",1650,7689,241]
["Modificación de artículo o servicio",61,"Maracuya 500 g",null,12,"Unidad",4600,{"$f":"ROUND(E68*G68, 2)","v":55200},241,null,{"$f":"C68","v":"Maracuya 500 g"},null,11.34,"Unidad",2275,{"$f":"ROUND(M68*O68, 2)","v":25798.5},241]
["Modificación de artículo o servicio",64,"Harina Pan Amarilla 1K",null,5,"Unidad",3150,15750,241,null,{"$f":"C69","v":"Harina Pan Amarilla 1K"},null,5,"Unidad",3100,{"$f":"ROUND(M69*O69, 2)","v":15500},241]
["Modificación de artículo o servicio",68,"Salsa de Humo Alkosto 400g",null,2,"Unidad",4500,9000,241,null,"Salsa de Humo Alkosto 400g",null,1,"Unidad",4500,4500,241]
["Modificación de artículo o servicio",69,"Jamon RicaChef 1500g",null,2,"Unidad",25150,50300,241,null,"Jamon RicaChef 1500g",null,9,"Unidad",5588.89,50300.01,241]
["Modificación de artículo o servicio",72,"Jengibre 500 g",null,2,"Unidad",5600,11200,241,null,"Jengibre 500 g",null,1,"Unidad",5600,5600,241]
["Modificación de artículo o servicio",77,"Lechuga Batavia 500 g",null,2,"Unidad",2200,4400,241,null,"Lechuga Batavia 500 g",null,3.75,"Unidad",1100,4125,241]
["Modificación de artículo o servicio",78,"Lechuga Verde Crespa 200gr",null,2,"Unidad",1600,3200,241,null,"Lechuga Verde Crespa 200gr",null,1,"Unidad",1800,1800,241]
["Modificación de artículo o servicio",79,"Levadura Seca Levapan 500g",null,2,"Unidad",8700,17400,241,null,"Levadura Seca Levapan 500g",null,2,"Unidad",9000,18000,241]
["Modificación de artículo o servicio",80,"Limon Tahiti 500 g",null,18,"Unidad",1950,{"$f":"ROUND(E76*G76, 2)","v":35100},241,null,{"$f":"C76","v":"Limon Tahiti 500 g"},null,17.75,"Unidad",1475,{"$f":"ROUND(M76*O76, 2)","v":26181.25},241]
["Modificación de artículo o servicio",81,"Chatas de Res 500 g",null,7,"Unidad",25300,177100,241,null,{"$f":"C77","v":"Chatas de Res 500 g"},null,13.55,"Unidad",13600,{"$f":"ROUND(M77*O77, 2)","v":184280},241]
["Modificación de artículo o servicio",82,"Lomo de Cerdo 500 g",null,16,"Unidad",16800,268800,241,null,{"$f":"C78","v":"Lomo de Cerdo 500 g"},null,32,"Unidad",8400,{"$f":"ROUND(M78*O78, 2)","v":268800},241]
["Modificación de artículo o servicio",83,"Lulo 500 g",null,10,"Unidad",4800,48000,241,null,"Lulo 500 g",null,19.18,"Unidad",2600,{"$f":"ROUND(M79*O79, 2)","v":49868},241]
["Modificación de artículo o servicio",85,"Mandarina 500 g",null,4,"Unidad",3400,{"$f":"ROUND(E80*G80, 2)","v":13600},241,null,{"$f":"C80","v":"Mandarina 500 g"},null,3.72,"Unidad",1700,{"$f":"ROUND(M80*O80, 2)","v":6324},241]
["Modificación de artículo o servicio",86,"Mango Variedad 500 g",null,14,"Unidad",3800,53200,241,null,{"$f":"C81","v":"Mango Variedad 500 g"},null,13.51,"Unidad",1750,{"$f":"ROUND(M81*O81, 2)","v":23642.5},241]
["Modificación de artículo o servicio",87,"Mango de Azucar - Comun 500 g",null,3,"Unidad",7400,22200,241,null,"Mango de Azucar - Comun 500 g",null,5.75,"Unidad",3700,21275,241]
["Eliminar artículo o servicio",89,"Margarina La Fina Bloque 15K",null,1,"Unidad",119950,{"$f":"ROUND(E83*G83, 2)","v":119950},241,null,"No aplica",null,"No aplica","No aplica","No aplica",0,"No aplica"]
["Modificación de artículo o servicio",90,"Manzana Nal 500g",null,4,"Unidad",6500,26000,241,null,{"$f":"C84","v":"Manzana Nal 500g"},null,3.84,"Unidad",2725,10464,241]
["Modificación de artículo o servicio",91,"Manzana Verde Imp 500 g",null,3,"Unidad",6700,20100,241,null,"Manzana Verde Imp 500 g",null,2.82,"Unidad",3350,9447,241]
["Modificación de artículo o servicio",92,"Mayones Fruco P900g Ll1000g",null,1,"Unidad",16950,{"$f":"ROUND(E86*G86, 2)","v":16950},241,null,"Mayones Fruco P900g Ll1000g",null,1,"Unidad",15990,15990,241]
["Modificación de artículo o servicio",94,"Melon 500 g",null,4,"Unidad",3950,{"$f":"ROUND(E87*G87, 2)","v":15800},241,null,{"$f":"C87","v":"Melon 500 g"},null,4.1100000000000003,"Unidad",1975,{"$f":"ROUND(M87*O87, 2)","v":8117.25},241]
["Eliminar artículo o servicio",96,"Mojarra Roj S/Esca Alkost 500g",null,8,"Unidad",24400,{"$f":"ROUND(E88*G88, 2)","v":195200},241,null,"No aplica",null,"No aplica","No aplica","No aplica",0,"No aplica"]
["Modificación de artículo o servicio",97,"Mora 500 g",null,10,"Unidad",7400,74000,241,null,{"$f":"C89","v":"Mora 500 g"},null,10.39,"Unidad",3700,{"$f":"ROUND(M89*O89, 2)","v":38443},241]
["Modificación de artículo o servicio",98,"Morcilla D/Q Antioque x5 500g",null,3,"Unidad",11300,33900,241,null,{"$f":"C90","v":"Morcilla D/Q Antioque x5 500g"},null,6,"Unidad",11300,67800,241]
["Modificación de artículo o servicio",99,"Mostaza Fruco 1000g",null,2,"Unidad",8100,16200,241,null,{"$f":"C91","v":"Mostaza Fruco 1000g"},null,4,"Unidad",8100,32400,241]
["Agregar nuevo artículo o servicio","No aplica","No aplica",null,"No aplica","No aplica","No aplica",0,"No aplica",null,"Camaron Titi Prec Alkosto 500g",null,1,"Unidad",26950,{"$f":"ROUND(M92*O92, 2)","v":26950},241]
["Agregar nuevo artículo o servicio","No aplica","No aplica",null,"No aplica","No aplica","No aplica",0,"No aplica",null,"Aceit Vd Karina Anch x3 125g",null,2,"Unidad",6600,{"$f":"ROUND(M93*O93, 2)","v":13200},241]
["Agregar nuevo artículo o servicio","No aplica","No aplica",null,"No aplica","No aplica","No aplica",0,"No aplica",null,"Cebolla Cab Bca Pelada 500g",null,10.78,"Unidad",2100,{"$f":"ROUND(M94*O94, 2)","v":22638},241]
["Agregar nuevo artículo o servicio","No aplica","No aplica",null,"No aplica","No aplica","No aplica",0,"No aplica",null,"Champiñon Tajad Bdj 500g Camp",null,6,"Unidad",8300,{"$f":"ROUND(M95*O95, 2)","v":49800},241]
[]
[null,null,null,null,null,null,"Cantidad de celdas a agregar:",null,1]
[]
[]
["Sección 5: Resultados de la modificación"]
[]
["Número de la línea según O.C.","Nombre del artículo",null,null,null,"Valores actuales",null,null,"Nuevos valores"]
[null,"Valor de la línea IVA en la Orden de Compra:",null,null,null,{"$f":"ROUND(M103, 2)","v":0},null,null,null,null,null,null,0]
[null,"Valor de la línea AIU en la Orden de Compra:"]
[null,"Valor de la línea gravámenes adicionales en la Orden de Compra:"]
[]
[null,null,null,null,null,null,null,null,null,null,null,"Marzo 30 de 2017"]
[]
[]
[null,"Firma ordenador del gasto",null,null,null,null,"Firma de Proveedor",null,null,null,null,"Fecha de elaboración"]
[]
["Nombre:","Diana Margarita Gutierrez de Piñeres",null,null,null,"Nombre:","Luis Felipe Gutierrez Navarro",null,null,null,"Las partes manifestamos que este mismo documento se cargará en la plataforma en formato Excel (.xlsm) y los cambios se pueden validar con el mismo."]
["Documento de Identidad:","39,695,315",null,null,"Documento de Identidad:",null,"79,142,178"]

{"sheet":"Instructivo de Diligenciamiento","index":1,"n_rows":4,"n_cols":2,"rows_kept":4,"cut":false,"hidden":false,"merged":[[3,1,82,10]]}
[]
[]
[]
[null,"Instrucciones de diligenciamiento:\n\nColombia Compra Eficiente ha diseñado este formato para que las Entidades Compradoras puedan realizar aclaraciones, modificaciones, cancelaciones o terminaciones y liquidaciones de las Órdenes de Compra que estén en ejecución y vigentes, o ejecutadas. Para ello debe indicar:\n\nDatos generales: Datos básicos como número de la Orden de Compra que requiere cambiar, número consecutivo de solicitud tenga en cuenta que la primera solicitud corresponderá a la número “1”, nombre de la Entidad Compradora, nombre de la persona que solicita las acciones, celular o número de teléfono y extensión, NIT de la Entidad Compradora y el nombre del Proveedor que ejecuta la Orden de Compra.\n\nSección 1. Tipo de acción: Las Entidades pueden solicitar cuatro tipos de acciones respecto de las Órdenes de Compra:\n\n(i) Aclaraciones: Son las indicaciones de cambio de información que no afectan el plazo, el valor o las condiciones contractuales de las Órdenes de Compra como: redacción en las condiciones de entrega, errores de digitación  o rectificación de la fecha de vencimiento. Estas aclaraciones no requieren de la aceptación del Proveedor. Sin embargo una vez realizada la aclaración en la Orden de Compra, la Entidad Compradora debe notificarle al Proveedor el cambio. \n\n(ii) Modificaciones: Son indicaciones de cambio en aumento o disminución de valor o plazo,  aumento o disminución de los bienes o servicios solicitados, cambios en las condiciones de ejecución o datos que afecten la ejecución de la Orden de Compra. Solo en los casos de cambio de supervisor y datos de notificación como dirección o teléfono se puede omitir la firma del Proveedor. Sin embargo una vez realizada la modificación, la Entidad Compradora debe notificarle al Proveedor el cambio.\n\n(iii) Cancelación: Es la manifestación de la Entidad de no iniciar la ejecución de la Orden de Compra la cual también debe ser aceptada por el Proveedor.\n\n(iv) Terminación y Liquidación: Este tipo de acción es mediante la cual una Entidad Compradora formaliza la terminación y liquidación de las obligaciones derivadas de la Orden de Compra y así establece las acreencias pendientes a favor o en contra de cada parte de la Orden de Compra, también sirve para aclarar la ejecución de la misma o realizar la terminación anticipada en caso de que las partes así lo deseen. Este tipo de acción se debe aplicar dentro de los términos establecidos en cada Acuerdo Marco de Precios, para lo cual se requiere la solicitud por parte de la Entidad Compradora firmada por el Ordenador del Gasto y el representante legal del Proveedor, así como el informe del supervisor de la Orden de Compra. \n\nSección 2.  Justificación: Las razones de la realización del cambio de la Orden de Compra.\n\nSección 3. Modificación información general: la idea en esta sección es indicar cuales son los datos de información general de la orden de compra que requiere cambiar\n\nSección 4. Modificación de artículos o servicios: esta sección unicamente aplica en caso de que la acción a realizar sea modificar o terminar y liquidar la orden de compra, allí deberá indicar el tipo de midificación que desea realizar e ingresar o modificar los articulos que desea ajustar. Al momento de diligenciar esta sección tenga en cuenta las siguientes recomendaciones:\n\n(i) Las correcciones en el plazo de ejecución son diferentes a las modificaciones en el plazo, ejemplo: la Entidad Compradora adquirió elementos con tres entregas parciales pero digitó como fecha final de la Orden de Compra la fecha de la primera entrega, para corregir esto la Entidad Compradora selecciona en tipo de acción: aclaración y en el campo de fecha de vencimiento indica la fecha correcta. En el caso que fuera cambio de fecha fin, ejemplo: prorrogar o disminuir varios meses la ejecución de la Orden de Compra se utiliza en tipo de acción: modificación.\n\n(ii) para la realización de las modificaciones tenga en cuenta las secciones de modificación de cada una de las guías de compra\n\n(iii) los valores y cantidades solo pueden tener hasta dos decimales.\n\n(iv) la decisión de modificar, adicionar o combinar las dos opciones dependerá de las necesidades de cada Entidad Compradora, ejemplo si es un servicio y adicionalmente solo requiere modificar “cantidad” se recomienda seleccionar “modificación de artículo”, cuando son bienes puede modificar cualquiera de los demás campos.\n\n(v) si requiere cambio de condiciones de un servicio ya ejecutado se recomienda modificar la línea para que se refleje la parte ejecutada y adicionar una nueva línea para las nuevas condiciones del servicio que va a ejecutar.\n\nSección 5. Resultados de la modificación: La entidad siempre debe indicar en el recuadro el valor total del IVA, AIU, gravámenes adicionales, estos campos serán los valores finales que quedarán en la Orden de Compra después de la modificación, tenga en cuenta que el campo de IVA no aplica para algunos AMP como: papelería, vehículos y SOAT y que el campo de AIU solo aplica para aseo y cafetería.\n\nFirmas del documento: El ordenador del gasto de la Entidad Compradora debe firmar el documento y enviarlo al Proveedor para que lo acepte y firme, en caso de que así se requiera. El documento firmado debe ser enviado a través del aplicativo dispuesto por   Colombia Compra Eficiente para realizar las acciones solicitadas.\n\nFecha de elaboración del documento: Corresponde a la fecha en la que la Entidad Compradora y el Proveedor llegaron a un acuerdo para realizar las acciones y se suscribe el documento, recuerde que: (i) para poder realizar modificaciones en las Órdenes de Compra las mismas se deben acordar dentro de la vigencia de la Orden de Compra, (ii) Las órdenes de compra no se podrán modificar si ya se encuentran vencidas, (iii) Se da por realizada la modificación o acción que requiera realizar la Entidad, desde le momento en que las partes la firmen. Colombia Compra Eficiente lo único que realiza en la Tienda Virtual es el proceso de publicación de la modificación o ajuste que las partes hayan acordado a través de la firma de este documento. \n\nSi la Entidad Compradora requiere agregar archivos que estén relacionados con las acciones a realizar como: copia del CDP y/o aprobación de Vigencia Futura (VF) que soporta la adición, soportes documentales, correos, cartas, etc... debe publicarlos junto con el documento de modificación suscrito en un único archivo .Pdf con alta resolución de escaneo, si el documento no es legible se tomaran los cambios contenidos en el formato Excel, tenga en cuenta que Colombia Compra Eficiente únicamente publicará las modificaciones especificadas en el formato enviado por el aplicativo.\n\n"]

{"sheet":"Listas","index":2,"n_rows":5,"n_cols":3,"rows_kept":5,"cut":false,"hidden":true,"merged":[]}
["TipoDeModificacion",null,"Modificacion"]
["Modificación de la Orden de Compra",null,"Modificación de artículo o servicio"]
["Aclaración a la Orden de Compra",null,"Agregar nuevo artículo o servicio"]
["Cancelación de la Orden de Compra",null,"Eliminar artículo o servicio"]
["Terminación y Liquidación de la Orden de Compra",null,"Ninguna"]